000 00601nam a22002055i 4500
001 81424
003 ES-MaACL
005 20250716062621.0
007 t|
008 041104s1969 sp ||||0| spa d
040 _aM-BN
_bspa
_cM-BN
100 1 _aHugo, Victor,
_d1802-1885
_964627
245 1 0 _aImpresiones y apuntes
_b: 1830-1871 /
_cVictor Hugo ; [traducción, Francisco Vergés].
260 _a[Barcelona] :
_bTaber,
_c[1969]
300 _a498 p. ;
_c21 cm.
700 1 _aVergés, Francisco.
_9114102
852 _aES-MaACL
_jC-87019
_bR.70839
999 _c81424
_d81424